000
00314 a2200157 4500
001
177626
020
_a
040
_c
Magnum
100
_a
Braz,julio Emilio
240
1
0
_a
Tantos natais
_l
por
245
1
0
_a
Tantos natais
362
0
_a
1899
440
1
_a
Paulinas
697
_a
MAGNITO: I/CONTO
942
_c
BK
999
_c
177626
_d
177626